00226nam a2200097Ia 4500008004100000100001700041245002400058260002200082942000700104999001700111190216s9999||||xx |||||||||||||| ||und|| aYogesan Nair 0aGadya Resathanthram bKerala Basha Inst cBK c38463d38463